000 00516nam a22001577a 4500
003 NUST
082 _a200
100 _aArshad, Muhammad Raheel
_996759
245 _aDigital Investigation of Tor browser on Windows 10 and Android 10 /
_cMuhammad Raheel Arshad
264 _aIslamabad :
_bSEECS, NUST,
_c2022.
300 _a93 p. ;
650 _aMS-Information Security
_927215
700 _aSupervisor: Dr. Mehdi Hussain
_996690
856 _uhttp://10.250.8.41:8080/xmlui/handle/123456789/28741
942 _2ddc
_cSC
999 _c590859
_d590859